| 000 | 00424nam a2200157Ia 4500 | ||
|---|---|---|---|
| 008 | 210716s2006 xx 000 0 und d | ||
| 020 | _a0749445572 | ||
| 041 | _aeng | ||
| 082 | _a658.802 ZAND | ||
| 100 | _aZanetti, Daniel. | ||
| 245 | _aAmaze your customers: creative tips on winning and keeping your customers. | ||
| 250 | _a1 | ||
| 260 |
_aLondon _bKogan Page _c2006 |
||
| 300 | _axi,144 | ||
| 650 | _aRural Marketing | ||
| 999 |
_c201712 _d201712 |
||